000 00894nam a22002777a 4500
999 _c130479
_d130479
003 dpl
005 20181105142501.0
008 181105b ||||| |||| 00| 0 eng d
010 _aB-227137, B-227154
020 _c175.00
_a8126023201
035 _aB-227137, B-227154
037 _bCen Lib/Ret
040 _aDPL
_bEN
_c0
082 _aS
_bRAM
100 _aRama Rao, Kalipatman
_929309
245 _aYagnam and other stories /
_cby Kalipatnam Rama Rao; translated by C.L.L. Jayaprada
260 _aNew Delhi
_bSahitya akademy
_c2007
270 _bNew Delhi
_aRabindra bhavan, 35, Ferozshah marg
_e110001
300 _a340p.
_c22cm(Hb)
490 _aSahitya akademi award winning telgu short stories
500 _aIncludes glossary
650 _aIndic literaure
_9102418
650 _aIndic fiction
_9102419
700 _aJayaprada, C.L.L.
_9102420
942 _2ddc
_cEN
_hS
_mRAM